01127cam a22003015a 45000010009000000050017000090080041000260200028000670200018000950400040001130410013001530820023001661000031001892450098002202600040003183000036003584900041003945000026004355040033004615460055004946500029005496500042005786500041006206530026006619420008006879990017006959520113007121369244620160907125949.0040819t2005 gw a frb 001 0 eng d a3540407413 (alk. paper) a9783540407416 aHKPcHKPdOCLCQdDLCdEG-ScBUEbeng1 aenghfre00a621.38224222bVAS1 aVasilescu, Gabriel.94105210aElectronic noise and interfering signals :bprinciples and applications /cGabriel Vasilescu. aBerlin :bSpringer-Verlag,cc.2005. axviii, 709 p. :bill. ;c25 cm.0 aSignals and communication technology aIndex : p. [705]-709. aBibliography : p. [689]-701. aText in English ; translated from original French. 0aElectronic noise.2BUEsh 0aShielding (Electricity)2BUEsh912024 0aElectromagnetic interference.2BUEsh bENGELCcSeptember2016 2ddc c22321d22293 00102ddc4070aMAINbMAINc1STd2016-09-07ePurchasel0o621.38224 VASp000033566r2025-07-15 00:00:00yBB